00445pab a2200169 454500008004000000100002000040245002300060260000900083300001200092362001000104650002900114650003500143650003400178650002000212650002800232773001500260180718b1996 xxu||||| |||| 00| 0 eng d aHindwan, Sudhir aCaste war in Bihar c1996 ap.23-26 a9 Nov aViolence - India - Bihar aCaste violence - India - Bihar aSocial change - India - Bihar aSocial problems aPolitics and government aMainstream